| 000 | 00905nam a2200241 a 4500 | ||
|---|---|---|---|
| 001 | 1264 | ||
| 003 | BR-CuiBMT | ||
| 005 | 20231203004547.0 | ||
| 008 | 230821s2017 mtba 000 0 por d | ||
| 020 | _a9788532706119 | ||
| 040 |
_aBR-CuiBMT _cBR-CuiBMT |
||
| 080 |
_a349.2:347.9 _x(817.2) _22007 |
||
| 090 |
_a349.2:347.9(817.2) _bF658 |
||
| 245 | 0 | 0 |
_aFoi assim : _bvidas, olhares e personagens por trás dos processos trabalhistas em Mato Grosso / _ccoordenação: Aline Cubas ; redação Sinara Alvares ... [et al.]. |
| 260 |
_aCuiabá : _bTRT 23ª Região : _bEdUFMT, _c2017. |
||
| 300 |
_a388 p. : _bil. ; _c21 cm |
||
| 500 | _aEdição comemorativa aos 25 anos de instalação do TRT de Mato Grosso. | ||
| 504 | _aInclui bibliografia. | ||
| 650 |
_aProcessos trabalhistas _zMato Grosso |
||
| 650 |
_aJustiça do trabalho _zMato Grosso |
||
| 700 | 1 |
_aCubas, Aline Paula de _4coord. |
|
| 942 |
_2udc _cLV |
||
| 999 |
_c1264 _d1264 |
||